|
|
|
|
| LEADER |
00000nam0a2200000 4500 |
| 001 |
357051 |
| 005 |
20231102010943.0 |
| 035 |
|
|
|a (RuTPU)RU\TPU\retro\14311
|
| 090 |
|
|
|a 357051
|
| 100 |
|
|
|a 20200728d1874 km y0rusy50 ca
|
| 101 |
0 |
|
|a rus
|
| 102 |
|
|
|a RU
|
| 105 |
|
|
|a abf z 001zy
|
| 200 |
1 |
|
|a О течениях Охотского, Японского и смежных с ними морей.
|e по термометрическим наблюдения произведённым на русских военных судах
|f Л. И. Шренк
|
| 210 |
|
|
|a Санкт-Петербург
|c Типография Императорской Академии наук
|d 1874
|
| 215 |
|
|
|a 112 с.
|c ил.
|e Прилож. : 2 л. карт. 10 таблл. диаграмм
|
| 225 |
1 |
|
|a Записки Императорской Академии наук
|v Т. XXIII, № 3
|e Приложение
|
| 300 |
|
|
|a Текст в русской дореформенной орфографии
|
| 320 |
|
|
|a Библиография в ссылках
|
| 606 |
1 |
|
|a Моря
|x Гидротермодинамика
|2 stltpush
|3 (RuTPU)RU\TPU\subj\70549
|9 84777
|
| 610 |
1 |
|
|a морские течения
|
| 610 |
1 |
|
|a температура воды
|
| 610 |
1 |
|
|a термометрия
|
| 610 |
1 |
|
|a наблюдения
|
| 610 |
1 |
|
|a исследования
|
| 610 |
1 |
|
|a Охотское море
|
| 610 |
1 |
|
|a Японское море
|
| 610 |
1 |
|
|a карты
|
| 675 |
|
|
|a 551.465
|v 4
|
| 700 |
|
1 |
|a Шренк
|b Л. И.
|c российский этнограф, зоогеограф, океанолог, метеоролог
|c академик Петербургской Академии наук
|f 1826-1894
|g Леопольд Иванович
|2 stltpush
|3 (RuTPU)RU\TPU\pers\10606
|9 2282
|
| 801 |
|
1 |
|a RU
|b 63413507
|c 20200728
|
| 801 |
|
2 |
|a RU
|b 63413507
|c 20200923
|g RCR
|
| 942 |
|
|
|c BK
|